| 000 | 00494 a2200205 4500 | ||
|---|---|---|---|
| 001 | 132747 | ||
| 020 | _a85-322-0209-8 | ||
| 040 | _cLeonardo Da Vinci | ||
| 041 | _aPortuguês | ||
| 082 |
_aIJ P725p _bP725p |
||
| 100 | _aPINSKY, Mirna | ||
| 245 | _aNo porão | ||
| 260 |
_bFTD _c1990 _aSão Paulo |
||
| 300 | _a29 | ||
| 362 | _a19900000 | ||
| 490 | _aSegundas histórias | ||
| 500 | _aDemóstnes Vargas (Ilustração) | ||
| 697 |
_aLiteratura infanto-juvenil _aAventura |
||
| 942 | _cBK | ||
| 999 |
_c132747 _d132747 |
||